Charakterové vlastnosti a kvalifikačné predpoklady ľudských zdrojov a potreby ich ďalšieho rozvoja z pohľadu nárokov zamestnávateľskej sféry

Prieskum nárokov zamestnávateľských subjektov na charakterové vlastnosti a kvalifikačné predpoklady zamestnancov a ich prístupy k organizácii a zameraniu ďalšieho vzdelávania. Výsledky prieskumu v zamestnávateľských subjektoch. Požiadavky na prijímaných zamestnancov. Spolupráca s úradmi práce.

Gespeichert in:
Bibliographische Detailangaben
1. Verfasser: Matulčíková, Marta, 1964-
Format: Buchkapitel
Sprache:Slowakisch
Schlagworte:
Tags: Tag hinzufügen
Keine Tags, Fügen Sie das erste Tag hinzu!

MARC

LEADER 00000naa a2200000 4500
001 r043750
005 20240502071338.1
041 0 |a slo 
044 |a SK 
245 1 0 |a Charakterové vlastnosti a kvalifikačné predpoklady ľudských zdrojov a potreby ich ďalšieho rozvoja z pohľadu nárokov zamestnávateľskej sféry  |c Marta Matulčíková 
520 |a Prieskum nárokov zamestnávateľských subjektov na charakterové vlastnosti a kvalifikačné predpoklady zamestnancov a ich prístupy k organizácii a zameraniu ďalšieho vzdelávania. Výsledky prieskumu v zamestnávateľských subjektoch. Požiadavky na prijímaných zamestnancov. Spolupráca s úradmi práce. 
610 2 0 |a zamestnávatelia 
610 2 0 |a zamestnanie 
610 2 0 |a trh práce 
610 2 0 |a prieskum štatistický 
610 2 0 |a organizácie zamestnávateľov 
610 2 0 |a úrady práce 
610 2 0 |a Slovensko 
100 1 |a Matulčíková, Marta, 1964-